Nature's pharmacopeia : (Record no. 7964)

MARC details
000 -LEADER
fixed length control field 00697nam a22002177a 4500
003 - CONTROL NUMBER IDENTIFIER
control field OSt
005 - DATE AND TIME OF LATEST TRANSACTION
control field 20220809155601.0
008 - FIXED-LENGTH DATA ELEMENTS--GENERAL INFORMATION
fixed length control field 220809b ||||| |||| 00| 0 eng d
020 ## - INTERNATIONAL STANDARD BOOK NUMBER
International Standard Book Number 9780231166614
040 ## - CATALOGING SOURCE
Transcribing agency NLM
082 ## - DEWEY DECIMAL CLASSIFICATION NUMBER
Classification number QV766
Item number C452n 2016
100 ## - MAIN ENTRY--PERSONAL NAME
Personal name Choffnes, Dan
9 (RLIN) 16175
245 ## - TITLE STATEMENT
Title Nature's pharmacopeia :
Remainder of title a world of medicinal plants
260 ## - PUBLICATION, DISTRIBUTION, ETC. (IMPRINT)
Place of publication, distribution, etc. New York :
Name of publisher, distributor, etc. Columbia University Press,
Date of publication, distribution, etc. 2016
300 ## - PHYSICAL DESCRIPTION
Extent ix, 332 pages :
Other physical details illustrations ;
Dimensions 28 cm
504 ## - BIBLIOGRAPHY, ETC. NOTE
Bibliography, etc Includes bibliographical references and index.
650 ## - SUBJECT ADDED ENTRY--TOPICAL TERM
Topical term or geographic name as entry element Plants, Medicinal.
9 (RLIN) 1583
650 ## - SUBJECT ADDED ENTRY--TOPICAL TERM
Topical term or geographic name as entry element Ethnobotany -- history.
9 (RLIN) 16176
650 ## - SUBJECT ADDED ENTRY--TOPICAL TERM
Topical term or geographic name as entry element Phytotherapy. Medicinal plants.
9 (RLIN) 16177
942 ## - ADDED ENTRY ELEMENTS (KOHA)
Source of classification or shelving scheme Other/Generic Classification Scheme
Koha item type Book
Holdings
Withdrawn status Lost status Source of classification or shelving scheme Damaged status Not for loan Home library Current library Date acquired Source of acquisition Inventory number Total Checkouts Full call number Barcode Date last seen Date last checked out Price effective from Koha item type
    Other/Generic Classification Scheme     MUST Main Library MUST Main Library 09/08/2022 Purchase 22/418140 1 QV766 C452n 2016 2022-7824 07/02/2023 20/01/2023 09/08/2022 Book
    Dewey Decimal Classification     MUST Main Library MUST Main Library 09/08/2022 Purchase 22/418142   QV766 C452n 2016 2022-7825 09/08/2022   09/08/2022 Book
    Dewey Decimal Classification     MUST Main Library MUST Main Library 09/08/2022 Purchase 22/418141   QV766 C452n 2016 2022-7826 09/08/2022   09/08/2022 Book